Spanish Words #3 - Click the Pictures - Statistics

General Stats
  • This quiz has been taken 29,524 times
  • The average score is 10 of 24
Answers on the Map
Answers color-coded by a green-red scale on the quiz's map according to % correct below.
 
Answer Stats
Answer % Correct
Un tomate
83%
Un tigre
82%
Una patata
78%
Un diente
74%
Un perro
71%
Una langosta
52%
Una oreja
52%
Un barco
48%
Un camión
46%
Calcetines
42%
Cerezas
41%
Un paraguas
39%
Una papelera
38%
Un tiburón
35%
Una oveja
34%
Una lupa
33%
Una gorra
28%
Un murciélago
26%
Una piruleta
23%
Un caracol
23%
Un hongo
21%
Una bombilla
20%
Una cometa
18%
Un cohete
17%
No matching quizzes found
Score Distribution
Percent of People with Each Score
Percentile by Number Answered
Your Score History
You have not taken this quiz